| 000 | 00652nam a22001817a 4500 | ||
|---|---|---|---|
| 999 |
_c168481 _d168481 |
||
| 005 | 20191010161028.0 | ||
| 010 | _aENG-126641 | ||
| 020 |
_a9789353286088 _c495.00 |
||
| 035 | _aEN-110173 | ||
| 037 | _bDBAD/PUB | ||
| 082 | _a658.3 | ||
| 100 | _aGorbatov, Sergey | ||
| 245 |
_aFair Talk : _cby Stephen A. Ross, Randolph W. Westerfield [and] Bradford D. Jordan _bthree steps to powerful feedback / |
||
| 260 |
_aNew Delhi _bSAGE Publications |
||
| 270 |
_aB-1/1-1, Mohan Coopetative Industrial Area _bMathura Road, Post Bag 7, New Delhi _e110044 _mmarketing@sagepub.in |
||
| 300 |
_a261p. _c21cm(pbk) |
||
| 942 |
_2ddc _cEN _h658.3 _mGOR |
||